Teorie navrhování ocelových konstrukcí vodohospodářských staveb : Doplňkové skriptum

Salvato in:
Dettagli Bibliografici
Autore principale: Čihák, František (Autore)
Natura: Libro
Lingua:ceco
Pubblicazione: Praha : České vysoké učení technické v Praze, 1991
Tags: Aggiungi Tag
Nessun Tag, puoi essere il primo ad aggiungerne!!

MARC

LEADER 00000nam a22000003a 4500
001 stu86026
005 20150617225632.8
008 040421s1991----cs------------------cze-d
040 |a STU  |b slo 
041 0 |a cze 
044 |a cs 
080 |a 626.1 
080 |a 627.8  |7 stu_us_auth*stu4322 
080 |a 624.014.2(075.8) 
100 1 |a Čihák, František  |4 aut 
245 1 |a Teorie navrhování ocelových konstrukcí vodohospodářských staveb :  |b Doplňkové skriptum 
260 |a Praha :  |b České vysoké učení technické v Praze,  |c 1991 
300 |a 55 s 
996 |b 284V029430  |c V*32806/S-90  |l VVT  |s A  |a 24  |w stu86026_0001